| 000 | 01341nam2a22003491 4500 | ||
|---|---|---|---|
| 001 | v19\rc\1759400 | ||
| 005 | 20251209145208.0 | ||
| 035 | _a(NLR Aleph) 004890601 | ||
| 090 |
_a5266946 _c5266946 |
||
| 100 | _a20061204d1903 u y0rusy50 ca | ||
| 101 | 1 |
_arus _cfre |
|
| 102 | _aRU | ||
| 105 | _ay z |||a| | ||
| 200 | 1 |
_aКипящий горшок _e[Роман] _fПер. Р.М. Четыркина |
|
| 210 | _d1903 | ||
| 215 | _a395 с. | ||
| 461 | 0 |
_1001v19\rc\1759393 _12001#$aПолное собрание сочинений Эмиля Зола$fПод ред. М.В. Лучицкой. Т. 1-$vТ. 7 _1700#1$aЗоля$bЭ.$f1840-1902$gЭмиль$3RU\NLR\AUTH\771440$9z01790 _95266879 _aЗоля, Э. (1840-1902) _cКиев _d1902-1904 _fПод ред. М.В. Лучицкой. Т. 1- _nБ.К. Фукс _tПолное собрание сочинений Эмиля Зола _vТ. 7 |
|
| 702 | 1 |
_aЧетыркин _bР.М. _4730 |
|
| 801 | 0 |
_aRU _bNLR _gpsbo |
|
| 801 | 0 |
_aRU _bRuMoRGB _2psbo |
|
| 801 | 1 |
_aRU _bProSoft-M _2rusmarc |
|
| 852 |
_aNLR _j38.61.5.19 |
||
| 899 | _aНБ СПбГУ | ||
| 899 |
_aRuMoRGB _jM 193/7 |
||
| 899 |
_aRuMoRGB _jU 465/39 |
||
| 899 |
_aRuMoRGB _jU 291/67 |
||
| 899 |
_aRuMoRGB _jM 45/208 |
||
| 899 |
_aRuMoRGB _jG 41/77 |
||
| 899 |
_aRuMoRGB _jРб 10/2348 |
||
| 942 | _cBOOK | ||
| 980 | _aNB | ||